000 00437nam a2200157 4500
001 127418
003 ES-MaACL
005 20230906193019.0
007 t|
008 070214s1970 sp r ||||1| spa d
100 1 _aRiera Clavillé, José.
_997118
245 1 0 _a4 poemas a un amor sin nombre /
_cJosé Riera Clavillé.
260 _aBarcelona :
_bGimper,
_c1970.
300 _a63 p. ;
_c21 cm.
852 _aES-MaACL
_jC-46175
_bR.74464
999 _c127418
_d127418